Can UN summits save the planet? Faltering 2024 talks bring questions about the process / (Record no. 9264)

MARC details
000 -LEADER
fixed length control field 01005nab a22002417a 4500
003 - CONTROL NUMBER IDENTIFIER
control field OSt
005 - DATE AND TIME OF LATEST TRANSACTION
control field 20250429053358.0
008 - FIXED-LENGTH DATA ELEMENTS--GENERAL INFORMATION
fixed length control field 250414t2024 |||ddrnnoo|||i00| 00eng dd
040 ## - CATALOGING SOURCE
Transcribing agency JMCFI - Learning Resource Center
100 ## - MAIN ENTRY--PERSONAL NAME
Personal name Borenstein, Seth
9 (RLIN) 29642
245 ## - TITLE STATEMENT
Title Can UN summits save the planet? Faltering 2024 talks bring questions about the process /
Statement of responsibility, etc. Seth Borenstein and Sibi Arasu.
260 ## - PUBLICATION, DISTRIBUTION, ETC.
Place of publication, distribution, etc. Makati City :
Name of publisher, distributor, etc. Philippine Business Daily Mirror Publishing, Inc.,
Date of publication, distribution, etc. 2024.
650 ## - SUBJECT ADDED ENTRY--TOPICAL TERM
Topical term or geographic name entry element Biodiversity.
9 (RLIN) 23099
650 ## - SUBJECT ADDED ENTRY--TOPICAL TERM
Topical term or geographic name entry element Ecosystem biodiversity.
9 (RLIN) 30186
650 ## - SUBJECT ADDED ENTRY--TOPICAL TERM
Topical term or geographic name entry element United Nations Summit.
9 (RLIN) 30404
650 ## - SUBJECT ADDED ENTRY--TOPICAL TERM
Topical term or geographic name entry element Environmental concern.
9 (RLIN) 3494
650 ## - SUBJECT ADDED ENTRY--TOPICAL TERM
Topical term or geographic name entry element Environmental crisis.
9 (RLIN) 30405
650 ## - SUBJECT ADDED ENTRY--TOPICAL TERM
Topical term or geographic name entry element Newspaper articles (Open access).
9 (RLIN) 26869
700 ## - ADDED ENTRY--PERSONAL NAME
Personal name Arasu, Sibi
9 (RLIN) 30406
773 ## - HOST ITEM ENTRY
Related parts , (29 December 2024).
Title BusinessMirror
856 ## - ELECTRONIC LOCATION AND ACCESS
Uniform Resource Identifier <a href="https://businessmirror.com.ph/2024/12/29/can-un-summits-save-the-planet-faltering-2024-talks-bring-questions-about-the-process/">https://businessmirror.com.ph/2024/12/29/can-un-summits-save-the-planet-faltering-2024-talks-bring-questions-about-the-process/</a>
942 ## - ADDED ENTRY ELEMENTS (KOHA)
Koha item type Newspapers (Open Access)
Suppress in OPAC No
Source of classification or shelving scheme Library of Congress Classification
Holdings
Withdrawn status Lost status Damaged status Not for loan Home library Current library Date acquired Total Checkouts Date last seen Uniform Resource Identifier Price effective from Koha item type
        LRC - Digital Library LRC - Digital Library 04/29/2025   04/29/2025 https://businessmirror.com.ph/2024/12/29/can-un-summits-save-the-planet-faltering-2024-talks-bring-questions-about-the-process/ 04/29/2025 Newspapers (Open Access)